000 00967nam a2200289 i 4500
003 EG-GICUC
005 20260121101703.0
008 260108s1959 nyu||||fr ||| 00| 0 fre d
040 _aEG-GICUC
_cEG-GICUC
_dEG-GICUC
_erda
_bfre
041 0 _afre
082 0 4 _221
_a341.23
_bUN . R
092 0 4 _221
099 _aLaw1 11 341.23 UN . R 1959
110 _aUnies Nations
_eAuteur
245 1 2 _aRépertoire de la pratique suivie par les organes des Nations Unies /
_hSUPPLEMENT No 1 ,
_nVOLUME I ,
_pArticles 1 à 54 de la Charte ,
_cNations Unies .
264 0 _aNew York :
_bNations Unies ,
_c1959 .
300 _a385 Pages;
_c30 cm.
336 _atext
_2rda content
337 _aComputer
_2rda media
338 _aOnline Resource
_2rda carrier
546 _aTexte en français
650 0 4 _aDroit international public
650 0 4 _aLes Nations Unies
856 _uhttps://fll.law.cu.edu.eg/fulltext/th/B11-05173.pdf
905 _a59
942 _2ddc
_cBK
_e21
_n0
999 _c55521
_d55521